| 000 | 00859nam a22001697a 4500 | ||
|---|---|---|---|
| 999 |
_c60859 _d60859 |
||
| 005 | 20231110171045.0 | ||
| 008 | 231110s1958 ru ||||| |||| 00| 0 rus d | ||
| 041 | _arus | ||
| 080 | _a81'374.822=14'01=161.1 Д-22 | ||
| 100 |
_aДворецкий, И. Х. _920335 |
||
| 245 |
_aДревнегреческо-русский словарь : _bТ. 1, А - Л / _cСоставил И.Х. Дворецкий; Под редакцией С.И. Соболевского. |
||
| 264 |
_aМосква : _bГосиздат иностранных и национальных словарей, _c1958. |
||
| 300 |
_a1044 с. ; _b 27 см. |
||
| 653 | _aძველბერძნულ-რუსული ლექსიკონები | ||
| 700 |
_aСоболевский, С.И. _eრედაქტორი, შემდგენელი. _920336 |
||
| 942 |
_2udc _cBK |
||